00627nam a2200169Ia 4500003000900000008004100009040001600050080002600066100002300092245010700115260006800222300001800290490006700308650004100375650001700416700002400433IN-BaIIA211028s9999 xx 000 0 eng d cIIA Library a524.316.7(082.2)bJOH aJohnson, Hollis R. 4aThe M-type starscHollis R. Johnson and Francois R. Querci  aWashingtonbNational Aeronautics and Space Administrationc1986 alxxxii, 502p. aMongraph series on nonthermal phenomena in stellar atmospheres aAstronomy and astrophysics thesaurus aM-type stars aQuerci, Francois R.